[Event "FIDE-Wch"]
[Site "San Luis"]
[Date "2005.10.14"]
[Round "14"]
[White "Morozevich, Alexander"]
[Black "Adams, Michael"]
[Result "1/2-1/2"]
[WhiteElo "2707"]
[BlackElo "2719"]
[Annotator "Gershon,A"]
[PlyCount "107"]
[EventDate "2005.09.28"]
[EventType "tourn"]
[EventRounds "14"]
[EventCountry "ARG"]
[EventCategory "20"]
[SourceTitle "CBM 110"]
[Source "ChessBase"]
[SourceDate "2006.01.31"]
[SourceVersion "1"]
[SourceVersionDate "2006.01.31"]
[SourceQuality "1"]

1. e4 e5 2. Nf3 Nc6 3. Bb5 a6 4. Ba4 Nf6 5. d3 {A quiet line - Morozevich
doesn't like (or doesn't want) to remember too many things.} d6 (5... b5 6. Bb3
Bc5 (6... Be7 7. c3 O-O 8. Nbd2 d5 9. O-O Bb7 10. Re1 dxe4 11. dxe4 Bc5 12. h3
Nh5 13. Bd5 Qf6 14. a4 $36 {1-0 Morozevich,A (2743)-Bacrot,E (2712)/Biel SUI
2004 (31)}) 7. a4 Rb8 8. axb5 axb5 9. Nc3 d6 10. Bg5 Bg4 11. Nd5 Nd4 12. c3
Nxb3 13. Qxb3 c6 14. Nxf6+ gxf6 15. Bh4 Rg8 16. Qc2 Ra8 17. Kd2 Bh5 18. d4 $13
{1/2-1/2 Morozevich,A (2743)-Grischuk,A (2705)/Mainz 2004/CBM 101 ext (29)}) 6.
c3 g6 {An interesting reaction - Black has time so he develops the bishop to a
better place.} 7. O-O Bg7 8. Re1 (8. Nbd2 $5 O-O 9. Re1 Nh5 10. Nf1 f5 11. exf5
Bxf5 12. Ng5 Kh8 13. Bb3 d5 14. g4 Nf4 15. Bxf4 exf4 16. Nxh7 Kxh7 17. gxf5
Rxf5 18. d4 $13 {1-0 Morozevich,A (2732)-Shirov,A (2736)/Monaco 2004/CBM 099
ext (29)}) 8... O-O 9. Bg5 b5 (9... h6 10. Bh4 b5 (10... Qe8 11. Nbd2 Nh5 12.
Nf1 Bd7 13. Bb3 Kh8 14. Ne3 f5 15. exf5 gxf5 16. Nd5 Rc8 17. d4 e4 18. Nd2 Qg6
19. f3 Be6 20. g3 Bxd5 21. Bxd5 Bf6 22. Bxf6+ Rxf6 $13 {1/2-1/2 Efimenko,Z 
(2643)-Mikhalevski,V (2572)/Montreal CAN 2005/The Week in Chess 561 (36)}) 11.
Bc2 Qd7 12. Nbd2 Nh5 13. Nf1 Bb7 14. Ne3 Rae8 15. a4 Nf4 16. axb5 axb5 17. Bg3
Ne6 $14 {1-0 Asrian,K (2611)-Khmelniker,I (2458)/Warsaw POL 2005/The Week in
Chess 555 (46)}) 10. Bc2 Bb7 11. Nbd2 Nb8 $1 $146 {A logical novelty - the
knight walks a path similar to the Breyer variation with the same ideas.} (
11... Qd7 12. Nf1 Rfe8 13. Ne3 Nd8 14. Nd2 Ne6 15. Bh4 h6 16. a4 c6 17. Nb3 {
1/2-1/2 Palac,M (2610)-Rogic,D (2505)/Pula 2000/CBM 075}) 12. a4 Nbd7 13. b4 c5
{As usual, chess players prefer to play on a flank nearer to the clock.} 14.
Nb3 {A great manouevre: the knight is heading to a5, from which it will
control some crucial squares on the queenside.} Qc7 15. Na5 Bc8 16. axb5 axb5
17. Bb3 $6 {A debatable decision - Black was propably going to play Nb6 and c4
anyway, so why force him to do so? How can one know he wanted to do that? What
else can Black do?} (17. d4 exd4 18. cxd4 cxb4 $1 (18... cxd4 $2 19. Nxd4 $16)
(18... c4 $6 19. Qd2 $16) 19. Nb3 Rxa1 20. Nxa1 Bb7 21. Nb3 Nb6 $13) (17. h3 {
Seems to be the most useful, intending to transfer the knight to g4 via h2.})
17... Nb6 18. h3 {A healthy prophylactic move.} c4 19. dxc4 bxc4 20. Bc2 Be6
$11 21. Nd2 $5 {Where is it going?} Nfd7 22. Nb1 $5 {WOW! The Knight is going
to b5 and there is no need to prove how good it will stand there.} Bf6 {
In order to kick Bg5 out, making d8 accessible to black rooks.} 23. Be3 d5 {
It seems like Black has stolen the initiative, but Morozevich is not really
worried and continues to play as if nothing happened.} 24. Na3 Rac8 (24... Rfd8
$143 25. Nb5 Qc8 26. Qf3 Bg7 27. Rad1 $16) 25. Qf3 Bg7 26. Rad1 f5 $1 {Both
players don't intend to regret - Black also doesn't care about White's
activities and purposefully plays in the center.} 27. Nb5 $2 {This is just a
blunder, throwing away all the imaginative play of last moves'.} (27. exf5 $142
{after which White's previous play would have proven to be good.} e4 (27...
Bxf5 $6 28. Bxf5 Rxf5 29. Qe2 {and Black's pawns are weak.}) 28. Nb5 $1 (28.
Qe2 $6 Bxf5 29. Nb5 Qb8 30. Bd4 Bxd4 31. Nxd4 Ne5 $15) 28... Qb8 (28... exf3 $6
29. Nxc7 Bxf5 30. Bxf5 Rxf5 31. Nb5 $14) 29. Bf4 Be5 (29... exf3 30. Bxb8 Bxf5
31. Bxf5 Rxf5 32. Bg3 $14) 30. Bxe5 Nxe5 31. Qg3 Bxf5 32. Nd4 Bd7 $14) 27...
Qb8 $6 28. exf5 Bxf5 29. Bxf5 Rxf5 30. Qe2 d4 $3 {Now Black is clearly better,
perhaps even winning.} 31. cxd4 (31. Bd2 Na4) 31... Nd5 32. Nxc4 {The best
chance!} (32. Na3 Qxb4 $1 33. N5xc4 Nc3 34. Qd2 exd4 35. Bxd4 Bxd4 36. Qxd4
Nxd1 37. Rxd1 Nf6 $19) 32... Qxb5 33. Nd6 Qxe2 34. Rxe2 Nc3 35. Nxc8 Rf8 $2 {
After this Black is going to have huge technical problems to win.} (35... Nxe2+
36. Kf1 Nc3 37. Rd3 (37. Ne7+ $2 Kf7 38. Nxf5 Nxd1 39. Nxg7 Nxe3+ 40. fxe3 e4
$1 $19) 37... Nd5 38. dxe5 Nxe3+ 39. Rxe3 Rxe5 {which is even better then in
the game.}) 36. dxe5 $6 (36. Ne7+ $142 Kf7 37. Red2 Nxd1 38. Nxg6 $1 hxg6 39.
dxe5 $1 Nxe5 (39... Nxe3 40. Rxd7+ Kg8 41. fxe3 $11) 40. Rxd1 {And only White
has chances here. Not too many, but still nice..}) 36... Nxd1 (36... Nxe2+ 37.
Kf1 Ng3+ 38. Ke1 Rxc8 39. Rxd7 {As in the game.}) 37. Ne7+ Kf7 38. Nc6 Nxe5 39.
Nxe5+ Bxe5 40. Bc5 $1 {Ensuring the draw.} Re8 41. Kf1 Nb2 42. f4 $1 Bc3 43.
Rxe8 Kxe8 {Now all White needs is to keep the Bishop on c5.} 44. Ke2 Kd7 45.
Ke3 Na4 46. Ke4 Nxc5+ 47. bxc5 Kc6 48. h4 ({Simplier is} 48. g4 Kxc5 49. g5 Kd6
50. f5 Be1 (50... gxf5+ 51. Kxf5 $11) 51. fxg6 hxg6 52. Kf4 $11) 48... Kxc5 (
48... Be1 49. h5 gxh5 50. g3 Kxc5 51. f5 Kc6 52. f6 Bb4 53. f7 Bf8 54. Kf5 Kd5
55. Kg5 $11) 49. f5 Kd6 50. fxg6 hxg6 51. h5 gxh5 52. g4 hxg4 53. Kf4 g3 54.
Kxg3 1/2-1/2

[Event "ISR-ch"]
[Site "Ramat Aviv"]
[Date "1998.11.13"]
[Round "3.2"]
[White "Liss, Eran"]
[Black "Golod, Vitali"]
[Result "1-0"]
[WhiteElo "2505"]
[BlackElo "2555"]
[Annotator "Golod,V"]
[PlyCount "79"]
[EventDate "1998.11.08"]
[EventType "k.o."]
[EventRounds "5"]
[EventCountry "ISR"]
[SourceTitle "CBM 068"]
[Source "ChessBase"]
[SourceDate "1999.02.01"]
[SourceVersion "1"]
[SourceVersionDate "1999.02.01"]
[SourceQuality "1"]

{This is the second game of quarterfinal of Israel Championship and Liss had
to win to stay in the match.} 1. e4 e5 2. Nf3 Nc6 3. Bb5 a6 4. Ba4 Nf6 5. d3 $5
d6 6. c3 g6 7. O-O ({Another line is:} 7. Nbd2 $5 {[%cal Gd2f1,Gf1g3]}) 7...
Bg7 8. Nbd2 O-O 9. Re1 Nd7 $5 {Is the main line,other alternatives are:} (9...
Nh5) (9... b5 $5) (9... Re8 $5) ({and:} 9... Bd7 $5) 10. Nf1 $5 {Is the main
line.Also possible:} (10. h3 $5) ({and} 10. Bc2 $5) ({Slightly worse is:} 10.
b4) 10... Nc5 $5 (10... Nb6 $143 11. Bc2 (11. Bb3 $5 Be6 12. Be3 Rb8 13. Bxb6
cxb6 14. Bxe6 fxe6 15. Qb3 $14 {1/2-1/2 Adams,M-Kortschnoj,V/Moscow 1994/EXP
40 (57)}) 11... d5 12. Qe2 d4 13. cxd4 Nxd4 14. Nxd4 Qxd4 15. Bb3 Qd6 16. Be3
Be6 17. Rac1 Rfc8 18. Nd2 Bxb3 19. Nxb3 $14 {1-0 Boleslavsky,I-Trifunovic,P/
Moscow 1947/MCL 05 (41)}) 11. Bxc6 $5 ({Another line is:} 11. Bc2 $5) 11...
bxc6 12. d4 Nd7 $5 (12... exd4 $143 13. cxd4 Nd7 14. Bg5 Qe8 15. Qc2 Nb6 16.
Rac1 $14 {1/2-1/2 Ugrinovic,D-Karaklajic,N/Belgrade 1959/MCD-r5 (22)}) 13. Ng3
({Worse is:} 13. dxe5 Nxe5 14. Nxe5 Bxe5 15. Be3 Rb8 16. Qd2 Bg7 17. Bd4 f6 18.
c4 c5 $11 {1/2-1/2 Vujosevic,V-Djuric,S/Cetinje 1991/EXT 97 (18)}) ({Possibly:
} 13. Bg5 Qe8 (13... f6 $142) 14. Qd2 c5 15. Bh6 Bb7 16. Bxg7 Kxg7 17. dxe5
Nxe5 18. Nxe5 Qxe5 $11 {1/2-1/2 Tondivar,B-Mikhalevski,A/Leeuwarden 1994/EXT
94op (30)}) 13... c5 $5 (13... Re8 $5 14. Be3 Bb7 15. Qd2 Qe7 16. Rad1 a5 17.
dxe5 Nxe5 18. Nxe5 Bxe5 $11 {1/2-1/2 Vujosevic,V-Todorovic,G/Banja Vrucica
1991/EXT 91ch (26)}) 14. Bg5 $5 Qe8 15. dxe5 $5 Nxe5 16. Nxe5 Qxe5 17. Qd2 $5
$146 ({In the previous game} 17. f4 $5 {was checked} Qe8 18. f5 Qe5 19. Qg4 Re8
20. Rf1 Rb8 21. Rf2 d5 $6 (21... h6 $5 22. Bf4 Qe7 $13) 22. Bf4 Qe7 23. exd5 h5
24. Qd1 $2 (24. Qf3 $142 h4 25. Re2 $16) 24... h4 $13 {0-1 Liss,E-Mikhalevski,
A/Invitational, Rishon LeZion ISR 1997 (45)}) 17... Re8 $6 ({Better is:} 17...
f6 $5 18. Bf4 (18. Bh6 Bxh6 19. Qxh6 Rb8 $11 {[%csl Rb2][%cal Gb8b2]}) 18...
Qe7 {+/=/=}) 18. f4 Qe6 19. f5 Qe5 ({Dubious:} 19... Qc4 {because of:} 20. f6
$5 Bh8 (20... Bf8 $143 21. Bh6 {[%csl Rg8]} Qe6 22. Rf1 $40) 21. e5 $1 $14) 20.
Rf1 $1 {[%csl Yf1][%cal Gf5f6]} Rb8 $5 $13 {[%csl Rb2]} (20... Bb7 $6 21. f6
Bh8 (21... Bf8 $2 22. Bh6 {[%csl Rg8]} Kh8 23. Bxf8 Rxf8 24. Qh6 Rg8 25. Rf4 {
[%cal Gf4h4]} g5 $8 26. Rf5 Rg6 27. Qh5 $5 $40 (27. Qxg6 $2 fxg6 $1 28. Rxe5
dxe5 29. Rd1 Bc6 $13)) 22. Rae1 $14) 21. f6 Bh8 $6 (21... Bf8 $5 22. Bh6 $6 (
22. Rae1 $5) 22... Rxb2 $1 23. Qxb2 (23. Qe3 $2 Kh8 $17) 23... Bxh6 24. Qb8 $1
$13) 22. Rae1 c4 $5 {[%csl Ra2,Rb2][%cal Ge5a5] /\Qb5;Qa5(><a2;b2)} (22... Bb7
$5) (22... Rxb2 $2 23. Qxb2 Qxg5 24. e5 $1 dxe5 (24... Rxe5 $4 25. Qb8 Qg4 $8
26. Rxe5 dxe5 27. Nf5 $1 $18 {[%csl Rc8]}) 25. Ne4 $16) 23. Be3 $1 {[%cal
Ge3d4]} Qa5 $5 {[%cal Ga5a2]} ({Right away loses:} 23... Bxf6 $4 {in view of:}
24. Qf2 $1 {[%csl Rf7,Rg8][%cal Ge3d4]} (24. Bd4 $2 Bg5 {[%cal Gg5d2]} 25. Qf2
Qe6 $17) 24... Bg7 25. Qxf7+ Kh8 26. Bd4 $18) 24. Bd4 $5 Qxa2 25. Re2 $5 {
[%csl Yd2,Ye2]} (25. Qh6 $2 Rxb2 26. Rf4 Rxg2+ 27. Kh1 (27. Kf1 Rxh2 $19) 27...
Qd2 $1 $19 {[%csl Rh6][%cal Gd2h6]}) 25... c5 $6 (25... Bg4 $5 26. Ref2 $44)
26. Be3 Re6 $2 {My last two mistakes can be explained by a strong excitement
during the game.} (26... Bg4 $1 27. Ref2 Rb6 {[%cal Yb6d6]} 28. Nf5 $5 $13) 27.
e5 $1 {[%mdl 128]} (27. Bxc5 $143 Qa5 28. Bd4 $13 (28. Bxd6 $4 Qb6+ {[%csl Rd6,
Rg1]})) 27... Qa5 $6 (27... Bb7 $5 28. exd6 Bc6 $14) 28. Nf5 $1 $16 {Liss
begins a strong attack.} dxe5 (28... gxf5 $2 29. Bh6 $18 {[%csl Rg8][%cal
Gd2g5]}) 29. Ne7+ Kf8 (29... Rxe7 $2 30. fxe7 Be6 31. Qd6 {[%csl Rb8,Rc5][%cal
Gd6b8]} Re8 (31... Rc8 $143 32. Rd2 $18) 32. Bxc5 {+/-/+-}) 30. Bh6+ Ke8 31.
Rd1 $1 {[%csl Re8,Rh8][%cal Gh6g7,Ge7c8]} (31. Bg7 $2 Rxe7 $8 32. Bxh8 (32.
fxe7 $4 Bxg7 33. Rxf7 Kxf7 34. Qd8 Qa1+ 35. Kf2 Qa4 $19) 32... Re6 33. Qh6 $14)
31... Bxf6 (31... Qc7 $2 32. Bg7 $1 $18 (32. Nd5 $5 {/\Bg7}) 32... Rxe7 $140
33. fxe7 {[%csl Re8,Rh8][%cal Gd2d8,Gg7h8]} Bxg7 34. Qd8+ Qxd8 35. exd8=Q#) 32.
Nxc8 $18 {[%cal Gd2d7]} Qc7 33. Nd6+ Ke7 34. Ne4 $1 (34. Nxc4 $143 e4) 34...
Bh8 35. Ng5 Reb6 (35... Rd6 $143 36. Qxd6+ Qxd6 37. Rxd6 Kxd6 38. Nxf7+) 36.
Qd5 Ke8 37. Rf1 $5 {[%csl Rf7]} ({Slightly better is:} 37. Nxf7 $1 Qxf7 38.
Rxe5+ Bxe5 39. Qxe5+ Qe7 (39... Re6 $2 40. Qxb8+ Ke7 41. Qd8#) (39... Qe6 40.
Qh8+ Ke7 $8 (40... Kf7 $2 41. Qg7+ Ke8 42. Qf8#) 41. Bg5+ Kf7 42. Rf1+ {
[%csl Rf7]} Qf5 43. Rxf5+ gxf5 44. Qxh7+ $18) 40. Qh8+ Kf7 41. Qxh7+ Ke6 (41...
Ke8 42. Qg8+ {[%csl Re8]}) (41... Kf6 42. Bg5+ {[%csl Re7]}) 42. Re1+ $18)
37... Qb7 38. Qxf7+ Qxf7 39. Nxf7 Bf6 40. Nxe5 {After this game two
active-chess games were played.They also finished 1-1 and only a win 1.5-0.5
has opened to Eran a way to the title.} (40. Nxe5 Re6 41. Rxf6 Rxf6 42. Nc6+ {
[%csl Rb8]}) 1-0

[Event "ISR-chT"]
[Site "Israel"]
[Date "2004.01.03"]
[Round "1"]
[White "Bitensky, Igor"]
[Black "Golod, Vitali"]
[Result "0-1"]
[WhiteElo "2393"]
[BlackElo "2544"]
[Annotator "Golod,V"]
[PlyCount "130"]
[EventDate "2004.01.03"]
[EventType "team"]
[EventRounds "11"]
[EventCountry "ISR"]
[SourceTitle "CBM 099"]
[Source "ChessBase"]
[SourceDate "2004.03.30"]
[SourceVersion "1"]
[SourceVersionDate "2004.03.30"]
[SourceQuality "1"]

1. e4 e5 2. Nf3 Nc6 3. Bb5 a6 4. Ba4 Nf6 5. Qe2 b5 6. Bb3 Bc5 7. c3 d6 8. d3 {
Novelty,from the point of view of my games.Before with me played:} (8. O-O O-O
9. d3 h6 {[%csl Yh6][%cal Yh6g5]} 10. Be3 Bxe3 11. Qxe3 Na5 12. Bc2 c5 13. Nbd2
Re8 $11 {Zoler,D-Golod,V/Tel-Aviv,2001(1/2-1/2)(24)}) 8... h6 {[%csl Yh6][%cal
Yh6g5] This move is directed against "Bg5".} (8... O-O $6 9. Bg5 Be6 10. Nbd2
Qe7 $2 (10... h6 $142 {Wedberg,T}) 11. Bd5 $1 $16 {You can see annotations to
game: Tiviakov,S-Almasi,Z/Wijk aan Zee,1995/CBM 46(1-0)(Wedberg,T)(28)}) 9. Be3
{/^a7-g1} ({Also repeatedly were checked up in previous games:} 9. h3 $5) (9.
O-O $5) ({and} 9. Nbd2 $5 {[%csl Yd2][%cal Yd2f1,Yf1g3] (it's main move in
this position)}) 9... Bxe3 {It's the most logical reaction to the previous
move of White.} ({Once:} 9... Qe7 $6) ({and only twice were checked up in
previous games:} 9... O-O $5) 10. Qxe3 ({I do not think that it was much
better:} 10. fxe3 O-O (10... Na5 $5) 11. O-O Be6 12. Nbd2 Bxb3 13. axb3 d5 14.
exd5 Nxd5 $11 {Te Llalemand,R-Sekulovska,V/Istanbul,2000(1-0)(51)}) 10... Na5 {
[%csl Ya5,Gb3][%cal Ya5b3] I can not any more suffer here this bishop.} 11. Bc2
c5 12. Nbd2 O-O 13. h3 Re8 {It became already clear,that Black have decided
all opening problems.} 14. O-O ({Pretty dubiously:} 14. g4 {in view of:} Nh7 $1
{[%csl Rf4][%cal Yh7f8,Yf8g6,Yg6f4,Yf8e6,Ye6f4]}) 14... Be6 $5 $146 ({The game,
which have reached this position were continued as follows:} 14... Qc7 15. Rac1
{[%csl Gc1,Rc7]} Nc6 16. Rfe1 a5 17. Nf1 b4 18. Ng3 $11 {Ritscher,G-Frantz,F/
Darmstadt,1996(1-0)(54)}) 15. Nh2 $6 {After this inaccurate move White will
have to fight for equality.} (15. d4 $142 cxd4 16. cxd4 Rc8 {[%csl Rc2]} 17.
Bd3 Bc4 $5 $11) 15... Nh5 $1 {[%csl Rf4][%cal Gh5f4]} 16. Rfe1 Rc8 {[%csl Rc2]}
17. Nhf3 Nf4 18. Rad1 $2 {It's an absolutely not correct sacrifice of the pawn.
} (18. a3 $5 Qf6 19. Kh2 Qg6 20. Rg1 Qh5 $36 {[%csl Rh2]}) 18... Bxa2 19. b3 {
[%tqu "En","Find the best continuation for Black?","","","d6d5","I use a
unsuccessful location of the White's queen.My contender has yawned this a
little bit not obvious move.",10,"c5c4","",0]} d5 $1 {[%csl Rc2,Gd5,Re3][%cal
Gd5d4] I use a unsuccessful location of the White's queen.My contender has
yawned this a little bit not obvious move.} ({Also leads to favourable
complications for me:} 19... c4 $5 20. dxc4 bxc4 21. b4 Nb3 $15) 20. Nxe5 $140
Qg5 21. Ng4 $8 ({Immediately loses a game the following move:} 21. g3 $2 Nxh3+
22. Kg2 Qxe5 $19 {[%csl Rc2][%cal Gd5d4]}) 21... d4 $1 $17 {[%csl Rc2] This
resource I saw beforehand,when I played 19...d5} 22. Qg3 {[%csl Rf4,Yg5][%cal
Gd2f3,Yg5f4]} (22. Qf3 $143 dxc3 (22... h5 $5) 23. h4 $140 Qxh4 24. Qxf4 cxd2 {
[%csl Rb3]} 25. Qxd2 Nxb3 26. Bxb3 Bxb3 27. Rb1 Be6 $19) 22... Nh5 {White can
not simultaneously protect all weaknesses.} 23. Qd6 dxc3 24. Nf3 Qg6 $1 {
I had a rather uneasy choice between it and three other continuations.In a
result has made a winning move.} (24... Qe7 $2 25. Nxh6+ $5 (25. Qxa6 Bxb3 26.
Qxb5 Bxc2 27. Rc1 $11 {[%csl Ra5,Rc2]}) 25... gxh6 (25... Kf8 26. Nf5 Qxd6 27.
Nxd6 $13 {[%csl Rc8,Yd6,Re8]}) 26. Qxh6 Ng7 27. Ng5 {[%csl Rg8][%cal Gh6h7,
Gh7h8]} Qe5 28. d4 $1 cxd4 $140 29. f4 $132 {[%csl Gg5,Rg8,Gh6][%cal Ge1f1]}) (
24... Qd8 $2 25. Nxh6+ (25. Qxa6 $143 Bxb3 $17) 25... gxh6 26. Qxh6 Ng7 27. Ng5
Nxb3 (27... Qd4 $2 28. e5 {[%csl Rg7,Rg8][%cal Gh6h7,Gh7h8]}) 28. Bb1 $1 (28.
Qh7+ $2 Kf8 29. Qh8+ Ke7 30. Qxg7 Nd4 $17 {[%csl Ya2,Rc2,Gc3,Gd4][%cal Ya2f7]})
28... Bxb1 29. Rxb1 Nd2 30. Rbc1 $132 {[%csl Rg7,Rg8]}) (24... Qf4 $2 25. Qxa6
Bxb3 26. Ne3 $11 {[%csl Ra5,Rb5]}) 25. Qxg6 ({Senselessly:} 25. e5 {in view of:
} Bxb3 $19) 25... fxg6 {[%csl Rb3]} 26. Ra1 Bxb3 27. Rec1 Nf4 $1 {[%csl Rc1]
[%cal Gf4e2] I made this move in the most suitable moment.} 28. Kf1 Bxc2 29.
Rxc2 Nb3 30. Rb1 (30. Rxa6 $2 Ra8 31. Rxa8 Rxa8 {[%csl Rf1][%cal Ga8a1,Gb3d2]}
32. Kg1 (32. Rxc3 Ra1+ 33. Ne1 Nd2+) 32... Na1 $1 $19 {[%csl Rc2,Gc3,Rg1][%cal
Yf4e2,Ye2c3,Ye2c1]}) 30... Nd4 31. Rxc3 b4 32. Rc4 Nxf3 33. gxf3 Nxd3 $19 {
I have a absolutely winning position,but for realization of material advantage
is required the certain time.} 34. Ra1 Re6 35. Ke2 Nf4+ 36. Kd2 ({Hardly it
was better:} 36. Ke3 g5 {[%csl Re3]}) 36... Rd6+ 37. Ke3 (37. Kc2 $143 Ne6 {
[%csl Rc2,Ye6][%cal Gc8d8]}) 37... g5 38. e5 Re6 (38... Rb6 $5 {[%csl Ga6,Gb4,
Yb6,Gc5][%cal Gb4b3]}) 39. Ke4 Ng6 $6 ({Immediately wins a game the following
move:} 39... h5 $5 40. Ne3 Ng6 (40... Nxh3 $5 {[%cal Gh3f2]}) 41. Kf5 Kf7 {
[%csl Re5,Yf7]} (41... Rxe5+ $2 42. Kxg6 Rc6+ 43. Kxh5 Rh6+ 44. Kg4 Rh4+ 45.
Kg3 Rxe3 46. Rxc5 $17) 42. Re4 Nh4+ 43. Kxg5 Nxf3+ 44. Kxh5 (44. Kf4 $2 Nd2 {
[%csl Re4]}) 44... Rh8+ 45. Kg4 Nxe5+ 46. Kg3 b3 $19) 40. Kd5 Kf7 {[%csl Re5]
[%cal Gh6h5]} 41. Rxc5 Rxc5+ {After exchange of this pieces,I receive a easily
won rooks endgame:} 42. Kxc5 Nxe5 43. Nxe5+ Rxe5+ 44. Kxb4 Re2 $6 (44... Rf5
$142 45. Ra3 Rf6 {[%csl Yf6,Rh3][%cal Gf7g6,Gg6h5,Gh5h4,Yf6a6]}) 45. Rf1 $1 {
I didn't see this protective resource and only hoped on:} (45. Rxa6 $2 Rxf2 46.
Ra3 Kf6 47. Kc4 Kf5 48. Kd4 Kf4 {[%csl Rf3][%cal Gf2f3]}) 45... Kf6 46. Kc4 Kf5
47. Kd3 Ra2 $6 {[%csl Ya2][%cal Ya2a6,Ga2f2] Again not the correct decision.} (
47... Re6 $142 {[%csl Rd3,Ye6,Rf3][%cal Gf5f4,Ye6a6,Ye6e1]} 48. Rg1 Kf4 49. Rg3
a5 $19) 48. Ke3 Ra3+ 49. Ke2 Kf4 {[%csl Rf3][%cal Ga3a2]} 50. Rc1 Ra2+ 51. Kf1
Kxf3 52. Rc3+ Ke4 53. Rc7 Rb2 $1 $17 {[%cal Yb2b6,Yb6a6,Yb6h6]} ({Leads to
benefit of the contender:} 53... g6 $2 54. Rc6 {[%csl Rg6]} Kf5 $140 55. Rc5+
Ke6 56. Rc6+ Kf7 57. Rc7+ Kf6 58. Rc6+ Kf5 59. Rc5+ Kf4 60. Rc6 {[%csl Rg6]
with good chances to drawn game.}) 54. Rxg7 Rb6 {[%csl Yb6][%cal Yb6a6,Yb6h6]}
55. Kg2 $2 ({It was necessary:} 55. Rd7 $5 {[%csl Yd7][%cal Yd7d1] with some
chances to drawn game.}) 55... Kd5 {Now my king,without a big problems,
approaches to Pa6 and it decides a game to my benefit.} 56. Kg3 Kc4 57. Ra7 Kb4
{[%csl Ga6,Yb4][%cal Ga6a5,Ga5a4,Ga4a3]} 58. h4 a5 $19 59. Kg4 ({Nothing
changes,after:} 59. hxg5 hxg5 60. Kg4 Rb5 $19 {[%csl Ga5,Yb5][%cal Yb5g5,Ga5a4,
Ga4a3]}) 59... gxh4 $1 60. Kxh4 a4 61. Kh5 a3 {The further resistance is
senseless.} 62. f4 Kb3 63. Rg7 (63. f5 $143 a2 {[%csl Ga2,Yb6][%cal Yb6h6,
Yb3b2]}) 63... a2 64. Rg3+ (64. Rg1 $144 Kb2 65. Rg2+ Ka3 {[%cal Yb6b1,Ga2a1]}
66. Rg3+ Ka4 67. Rg1 (67. Rg8 Rb5+ {[%csl Yb5,Rh5][%cal Yb5a5,Ga2a1]}) 67...
Rb1 68. Rg8 Rh1+ {[%csl Ga2,Rg8,Rh5][%cal Gh1g1]}) 64... Ka4 65. Rg7 Rb5+ {
[%cal Yb5a5,Ga2a1]} 0-1